Statistics for Name All Yellow Flags

Click here to take the quiz!

General Stats

  • This quiz has been taken 17 times
  • The average score is 67 of 104

Answer Stats

ContinentAnswer% Correct
South Africa
100%
Colombia
94%
Sweden
94%
China
88%
Spain
88%
Venezuela
88%
Vietnam
88%
South AmericaArgentina
81%
Bolivia
81%
Brazil
81%
Ecuador
81%
Germany
81%
Romania
81%
Vatican City
81%
Zimbabwe
81%
EuropeAndorra
75%
Belgium
75%
Belize
75%
Bosnia and Herzegovina
75%
Democratic Republic of the Congo
75%
Ghana
75%
Guyana
75%
Jamaica
75%
Kazakhstan
75%
Mozambique
75%
North Macedonia
75%
Paraguay
75%
Saint Kitts and Nevis
75%
Saint Lucia
75%
South Sudan
75%
Suriname
75%
Ukraine
75%
Uruguay
75%
Bahamas
69%
Benin
69%
Cameroon
69%
Chad
69%
Ethiopia
69%
Guatemala
69%
Kyrgyzstan
69%
Lithuania
69%
Nicaragua
69%
Portugal
69%
Tuvalu
69%
Vanuatu
69%
AfricaAngola
63%
North AmericaAntigua and Barbuda
63%
Barbados
63%
Cape Verde
63%
Dominica
63%
El Salvador
63%
Eritrea
63%
Guinea
63%
Haiti
63%
Mali
63%
Montenegro
63%
Nauru
63%
Republic of the Congo
63%
Saint Vincent and the Grenadines
63%
Senegal
63%
Uganda
63%
AsiaBhutan
56%
Brunei
56%
Burkina Faso
56%
Comoros
56%
Dominican Republic
56%
Eswatini
56%
Guinea-Bissau
56%
Mexico
56%
Moldova
56%
Myanmar
56%
Namibia
56%
Palau
56%
Philippines
56%
Rwanda
56%
San Marino
56%
Serbia
56%
Sri Lanka
56%
Tajikistan
56%
Togo
56%
Central African Republic
50%
Egypt
50%
Equatorial Guinea
50%
OceaniaFiji
50%
Gabon
50%
Grenada
50%
Kiribati
50%
Liechtenstein
50%
Malaysia
50%
Mauritius
50%
Papua New Guinea
50%
Peru
50%
Sao Tome and Principe
50%
Seychelles
50%
Timor-Leste
50%
Croatia
44%
Cyprus
44%
Kosovo
44%
Mauritania
44%
Mongolia
44%
Slovenia
44%
Solomon Islands
44%
Tanzania
44%
Costa Rica
31%

Score Distribution

Percentile by Number Answered

Percent of People with Each Score

Your Score History

You have not taken this quiz